Effect of supplemental potassium on the growth and yield of rice differing in salt tolerance / (Record no. 8758)

MARC details
000 -LEADER
fixed length control field 01270nam a22002777a 4500
001 - CONTROL NUMBER
control field BD-DhSAU 8758
003 - CONTROL NUMBER IDENTIFIER
control field BD-DhSAU
005 - DATE AND TIME OF LATEST TRANSACTION
control field 20181212095345.0
008 - FIXED-LENGTH DATA ELEMENTS--GENERAL INFORMATION
fixed length control field 150612b2010 bg a|||| m||| 00| 0 eng d
040 ## - CATALOGING SOURCE
Original cataloging agency BD-DhSAU
082 ## - DEWEY DECIMAL CLASSIFICATION NUMBER
Edition number 22
Classification number 595.7
Item number Sa214
100 ## - MAIN ENTRY--PERSONAL NAME
Personal name Saikot, Tanvir Masum
Relator term Registration no. # 04-01352
245 ## - TITLE STATEMENT
Title Effect of supplemental potassium on the growth and yield of rice differing in salt tolerance /
Remainder of title MS thesis
Statement of responsibility, etc. Tanvir Masum Saikot,
260 ## - PUBLICATION, DISTRIBUTION, ETC. (IMPRINT)
Place of publication, distribution, etc. Sher-e-Bangla Agricultural Uniersity :
Name of publisher, distributor, etc. Department of Agricultural Chemistry,
Date of publication, distribution, etc. 2010.
300 ## - PHYSICAL DESCRIPTION
Extent vi,70 p. :
Other physical details ill. ;
Dimensions 30 cm.
500 ## - GENERAL NOTE
General note MS thesis of Department of Agricultural Chemistry , Faculty of Agriculture, Sher-e-Bangla Agricultural University, Dhaka, Bangladesh
504 ## - BIBLIOGRAPHY, ETC. NOTE
Bibliography, etc Includes bibliographical reference.
590 ## - Name of Cataloguer
Name of Cataloger erfat <br/>
650 ## - SUBJECT ADDED ENTRY--TOPICAL TERM
Topical term or geographic name as entry element Agricultural Chemistry
650 ## - SUBJECT ADDED ENTRY--TOPICAL TERM
Topical term or geographic name as entry element Effect of supplemental potassium on the growth
650 ## - SUBJECT ADDED ENTRY--TOPICAL TERM
Topical term or geographic name as entry element Yield of rice differing in salt tolerance
700 ## - ADDED ENTRY--PERSONAL NAME
Personal name Razzaque, Md Abdur
Relator term Superviser
700 ## - ADDED ENTRY--PERSONAL NAME
Personal name Miah, Md Shahjahan
Relator term Co-superviser
856 ## - ELECTRONIC LOCATION AND ACCESS
Uniform Resource Identifier <a href="http://archive.saulibrary.edu.bd:8080/xmlui/handle/123456789/1924">http://archive.saulibrary.edu.bd:8080/xmlui/handle/123456789/1924</a>
942 ## - ADDED ENTRY ELEMENTS (KOHA)
Source of classification or shelving scheme Dewey Decimal Classification
Koha item type MS Level Thesis
Holdings
Withdrawn status Lost status Source of classification or shelving scheme Damaged status Not for loan Collection code Home library Branch Name Shelving location Date acquired Total Checkouts Full call number Barcode Date last seen Price effective from Koha item type
    Dewey Decimal Classification   Not For Loan Reference SAU Library SAU Library Reference 13/06/2015   595.7 Sa214 38893 13/06/2015 13/06/2015 MS Level Thesis